Décimales de Pi - Extreme - Statistiques

Statistiques générales
  • Ce quiz a été pris 3 284 fois
  • Le résultat moyen est 72 sur 200
Statistiques - réponses
Réponse % Correct
1
100%
3
100%
4
100%
1
97%
5
97%
9
94%
2
92%
6
88%
5
86%
3
84%
5
81%
8
79%
9
78%
7
76%
9
76%
3
75%
2
74%
3
74%
8
73%
4
72%
6
72%
2
71%
6
71%
4
70%
3
69%
3
69%
3
68%
8
68%
2
67%
7
67%
9
67%
5
65%
0
64%
2
63%
8
62%
8
62%
1
61%
4
61%
1
60%
7
60%
9
60%
6
59%
9
59%
3
58%
9
58%
9
58%
3
57%
7
57%
1
56%
5
56%
0
55%
5
53%
8
52%
2
51%
0
50%
9
49%
4
48%
7
48%
4
47%
4
47%
9
47%
2
45%
5
45%
9
45%
0
44%
3
44%
1
43%
7
43%
8
43%
0
42%
2
42%
4
42%
6
42%
6
42%
2
41%
6
41%
8
41%
0
40%
8
40%
8
40%
9
40%
9
40%
2
39%
6
39%
0
38%
3
38%
4
38%
8
38%
8
38%
0
37%
1
37%
1
37%
2
37%
2
37%
3
37%
4
37%
5
37%
7
37%
6
36%
7
36%
9
35%
1
27%
2
27%
8
27%
4
26%
8
26%
0
25%
1
24%
5
24%
6
24%
8
24%
2
22%
3
22%
2
21%
3
21%
8
21%
0
20%
0
20%
4
20%
6
20%
6
20%
7
20%
9
20%
3
19%
4
19%
4
19%
6
19%
8
19%
0
18%
5
18%
9
18%
0
17%
5
17%
1
16%
2
16%
2
16%
2
16%
3
16%
5
16%
7
16%
8
16%
3
15%
4
15%
5
15%
5
15%
9
15%
0
14%
1
14%
2
14%
4
14%
8
14%
8
14%
1
13%
1
13%
1
13%
8
13%
0
12%
2
12%
4
12%
5
12%
7
12%
0
11%
1
11%
2
11%
4
11%
8
11%
0
10%
0
10%
1
10%
1
10%
1
10%
2
10%
3
10%
4
10%
4
10%
5
10%
5
10%
7
10%
8
10%
9
10%
0
9%
1
9%
2
9%
2
9%
3
9%
3
9%
4
9%
4
9%
5
9%
5
9%
5
9%
6
9%
6
9%
8
9%
8
9%
9
9%
9
9%
9
9%
9
9%
9
9%
Aucun quiz correspondant
Distribution des résultats
% des personnes avec chaque résultat
Percentile par nombre de réponses
Votre historique - résultats
Vous n’avez pas pris ce quiz